|
|
|
|
| LEADER |
00999nam a2200253 a 4500 |
| 001 |
GR-Patra1529 |
| 008 |
991022s enk 000 b eng d |
| 020 |
|
|
|a 0710085877
|
| 040 |
|
|
|a GrPaTEI
|b gre
|c GR-PaULI
|
| 245 |
0 |
0 |
|a Residential work with the elderly.
|
| 260 |
|
|
|a London :
|b Routledge & Kegan Paul,
|c c1977
|
| 300 |
|
|
|a vii, 107σ.
|
| 490 |
1 |
|
|a Library of social work
|
| 650 |
|
4 |
|a ΗΛΙΚΙΩΜΕΝΟΙ
|
| 650 |
|
4 |
|a ΙΔΡΥΜΑΤΑ
|
| 650 |
|
4 |
|a ΚΟΙΝΩΝΙΚΗ ΕΡΓΑΣΙΑ
|
| 653 |
|
|
|a ΚΟΙΝΩΝΙΚΗ ΕΡΓΑΣΙΑ - ΗΛΙΚΙΩΜΕΝΟΙ
|
| 653 |
|
|
|a ΚΟΙΝΩΝΙΚΗ ΕΡΓΑΣΙΑ - ΙΔΡΥΜΑΤΑ
|
| 700 |
1 |
|
|a Brearley, C. Paul
|
| 830 |
|
0 |
|1 00111695
|1 2001
|a Library of social work
|
| 942 |
|
|
|2 ddc
|
| 952 |
|
|
|0 0
|1 0
|2 ddc
|4 0
|6 362_615000000000000_BRE
|7 0
|9 282919
|a LISK
|b LISK
|c BSC
|d 2021-01-17
|e 24
|f 1
|g 0.00
|l 0
|o 362.615 BRE
|p 9241004056
|r 2021-01-17 00:00:00
|t 1
|w 2021-01-17
|y BK15
|x 19991024 0 1
|x GrPaTEI
|
| 971 |
|
|
|a .b26490274
|b 15-04-20
|c 23-09-16
|
| 999 |
|
|
|c 164703
|d 164703
|